Las bases de Big Data y de la inteligencia artificial /

Salvato in:
Dettagli Bibliografici
Autore principale: Caballero, Rafael (autor)
Altri autori: Martín, Enrique (autor) (autor)
Natura: Libro
Lingua:spagnolo
Pubblicazione: Madrid, España : Los Libros de la Catarata, 2022, c2022
Serie:(Los Libros de la Catarata ; 895)
Soggetti:
Tags: Aggiungi Tag
Nessun Tag, puoi essere il primo ad aggiungerne!!

MARC

LEADER 00000nam^a2200000^a^4500
001 000578505
005 20260512000000.0
009 20260512123947.648
020 |a 978-84-1352-489-4 
037 |a Acervo ITESO - Biblioteca 
041 |a ESP 
082 |a 005. 74  |b CAB 
100 |a Caballero, Rafael  |e (autor) 
245 1 4 |a Las bases de Big Data y de la inteligencia artificial /  |c R. Caballero, E. Martín. 
264 4 |a Madrid, España :  |b Los Libros de la Catarata,  |c 2022, c2022 
300 |a 125 p. 
336 |a texto  |b txt  |2 rdacontenido 
337 |a sin mediación  |b n  |2 rdamedio 
338 |a volumen  |b nc  |2 rdasoporte 
440 5 |a (Los Libros de la Catarata ;  |v 895) 
521 |a FIL 2023 DIA 
585 |a Exposición DIA 2025-01 / El universo del saber: explorando nuevas ideas 
649 |a XX 
650 |a Proceso de Datos 
650 |a Minería de Datos 
650 |a Bases de Datos Relacionales 
650 |a Bases de Datos 
650 |a Internet de las Cosas 
650 |a Big Data -  |x Tema Principal 
650 |a Inteligencia Artificial -  |x Tema Principal 
650 |a Tecnologías de Comunicación e Información 
650 |a Ingeniería Computacional 
700 |a Martín, Enrique  |e (autor) 
910 |a Fondo General 
920 |a Impresos - Libros 
930 |a Colección General 
905 |a 101 
901 |a 0500405684  |b IT1  |c ACC  |i C184756  |u 20250521 
902 |a https://opac.biblio.iteso.mx/vufind/Record/000578505